Normal view
MARC view
- Mohamad Saprin
Entry Personal Name
001 - CONTROL NUMBER
- control field: 4659
003 - CONTROL NUMBER IDENTIFIER
- control field: OSt
005 - DATE AND TIME OF LATEST TRANSACTION
- control field: 20170515154659.0
008 - FIXED-LENGTH DATA ELEMENTS
- fixed length control field: 170515|| aca||aabn | a|a d
040 ## - CATALOGING SOURCE
- Original cataloging agency: OSt
- Transcribing agency: OSt
100 ## - HEADING--PERSONAL NAME
- Personal name: Mohamad Saprin
670 ## - SOURCE DATA FOUND
- Source citation: Work cat.: (OSt)0: Hamdan Abd. Kadir 4656, Teknik mengajar dewasa :, 2004

PORTAL AKMAL
E-MEL JKDM
AKMAL2U
G-BAM
u-PUSTAKA